| 000 | 00000nam 2200000zi 4500 |
| 001 | 9.954313 |
| 003 | CaOODSP |
| 005 | 20250825095333 |
| 006 | m o d f |
| 007 | cr cn |||||||| |
| 008 | 250820e20160120onc obs f000 0 fre d |
| 040 | |aCaOODSP|bfre|erda|cCaOODSP |
| 043 | |an-cn--- |
| 086 | 1 |aCS82-003/2016-1-1F-PDF |
| 100 | 1 |aBougie, Evelyne, |d1974- |eauteur. |
| 245 | 10|aValidation de l'échelle de détresse psychologique à 10 questions de Kessler (K10) à partir de l'Enquête auprès des peuples autochtones de 2012 / |cpar Evelyne Bougie, Rubab G. Arim, Dafna E. Kohen et Leanne C. Findlay. |
| 264 | 1|a[Ottawa] : |bStatistique Canada = Statistics Canada, |cle 20 janvier 2016. |
| 264 | 4|c©2016 |
| 300 | |a1 ressource en ligne (pages 3-11). |
| 336 | |atexte|btxt|2rdacontent/fre |
| 337 | |ainformatique|bc|2rdamedia/fre |
| 338 | |aressource en ligne|bcr|2rdacarrier/fre |
| 490 | 1 |aRapports sur la santé, |x1209-1375 ; |vvol. 27, no. 1, [1] |
| 500 | |aPublié aussi en anglais sous le titre : Development and implementation of microsimulation models of neurological conditions. |
| 500 | |aTitre de la couverture. |
| 504 | |aComprend des références bibliographiques (page 11). |
| 520 | 3 |a« L'échelle de détresse psychologique à 10 questions de Kessler (échelle K10), qui fournit une mesure abrégée de la détresse psychologique non spécifique, s'est révélée être un filtre sensible aux critères de définition des troubles anxieux et des troubles de l'humeur du Manuel diagnostique et statistique des troubles mentaux. L'échelle en tant que mesure de la détresse psychologique chez les populations autochtones au Canada reste à valider » -- Résumé, page 3. |
| 650 | 6|aDétresse|zCanada|vStatistiques. |
| 655 | 7|aStatistiques|2rvmgf |
| 710 | 2 |aStatistique Canada, |eorganisme de publication. |
| 775 | 08|tValidation of the 10-item Kessler Psychological Distress Scale (K10) in the 2012 Aboriginal Peoples Survey / |w(CaOODSP)9.954314 |
| 830 | #0|aRapports sur la santé (Collection)|x1209-1375 ; |vvol. 27, no. 1, [1].|w(CaOODSP)9.950257 |
| 856 | 40|qPDF|s464 Ko|uhttps://publications.gc.ca/collections/collection_2025/statcan/82-003-x/CS82-003-2016-1-1-fra.pdf |
| 856 | 4 |qHTML|sS.O.|uhttps://www150.statcan.gc.ca/n1/pub/82-003-x/2016001/article/14307-fra.htm |
| 986 | |a82-003-X |